| 000 | 00416nam a2200181Ia 4500 | ||
|---|---|---|---|
| 003 | 0STCL | ||
| 008 | 150530s9999 xx 000 0 und d | ||
| 040 |
_aSTCL _cSTCL |
||
| 100 | _aJames Scott, R.A. | ||
| 245 | _aFifty years of english literature 1900-50 | ||
| 250 | _aSecond | ||
| 260 |
_bLongmans _c1964 |
||
| 300 | _a0 | ||
| 546 | _aEnglish | ||
| 942 |
_2ddc _cBK |
||
| 999 |
_c50653 _d50653 |
||
| 005 | 20220125170827.0 | ||